The Reddit Admin Game Quiz Stats

Quiz not verified by Sporcle

Also try: Real Berries
Challenge
Share
Tweet
Embed
Score 0/7 Timer 03:00
0 Plays Today
Position Admin % Correct
Entire Systems Administration departmentjedberg
66.3%
Programmerraldi
61.2%
Lead programmer and de facto Leonardo of this group of ninja turtlesKeyserSosa
50%
Former adminkn0thing
50%
Community managerhueypriest
48%
Former adminspez
44.9%
Programmerketralnis
32.7%

You're not logged in!

Compare scores with friends on all Sporcle quizzes.
Sign Up with Email
OR
Log In

You Might Also Like...

Show Comments

Extras

Top Quizzes Today


Score Distribution

Your Account Isn't Verified!

In order to create a playlist on Sporcle, you need to verify the email address you used during registration. Go to your Sporcle Settings to finish the process.

Report this User

Report this user for behavior that violates our Community Guidelines.

Details: